El retrato sin nombre / (Registro nro. 30586)

Detalles MARC
000 -LEADER
fixed length control field 00269nam a22000977a 4500
008 - FIXED-LENGTH DATA ELEMENTS--GENERAL INFORMATION
fixed length control field 240216b |||||||| |||| 00| 0 eng d
082 ## - DEWEY DECIMAL CLASSIFICATION NUMBER
Classification number N STER EJ.1
100 10 - MAIN ENTRY--PERSONAL NAME
Personal name Stevenson, Sir Steve
Relator term autor
9 (RLIN) 43423
245 ## - TITLE STATEMENT
Title El retrato sin nombre /
Statement of responsibility, etc. Sir Steve Stevenson
942 ## - ADDED ENTRY ELEMENTS (KOHA)
Source of classification or shelving scheme Dewey Decimal Classification
Existencias
Withdrawn status Lost status Source of classification or shelving scheme Damaged status Not for loan Home library Current library Shelving location Date acquired Total Checkouts Full call number Barcode Date last seen Date last checked out Price effective from Non-public note Koha item type Public note
    Dewey Decimal Classification     Biblored Biblioteca Pública José María del Castillo y Rada Children's Area 02/16/2024 2 N STER EJ.1 35714005533140 04/15/2024 04/15/2024 02/16/2024 sucio Books Material Interbibliotecario BibloRed